000 00235nam a2200109Ia 4500
008 190216s9999||||xx |||||||||||||| ||und||
100 _aSukumar Azheekode
245 0 _aSeethakavyam
260 _bNull
650 _aPadanam
942 _cBK
999 _c23822
_d23822